Gower handbook of training and development

Bibliographic Details
Other Authors: Prior, John (Editor)
Format: Book
Language:English
Published: Aldershot Hants : Gower Publishing Co. 1991
Subjects:

MARC

LEADER 00000cam a2200000 7i4500
001 0000003486
005 20240927.0
008 991203 enka eng
020 |a 0566029790 
040 |a INS   |b eng   |e rda 
090 0 0 |a HF5549.5.T7   |b G557 1991 
245 0 0 |a Gower handbook of training and development   |c edited by John Prior 
264 1 |a Aldershot Hants :   |b Gower Publishing Co.   |c 1991 
300 |a xxxvii, 712 pages :   |b illustrations ;   |c 24 cm. 
336 |a text  |2 rdacontent 
337 |a unmediated  |2 rdamedia 
338 |a volume  |2 rdacarrier 
500 |a Includes index 
650 0 |a Employees   |x Training of 
650 0 |a Training 
700 1 |a Prior, John ,   |e editor 
999 |a 0000005566   |b BOOK   |c Open Shelf   |e Default branch